Principles of sentencing
| VerfasserInnen: | ; |
|---|---|
| Medienart: | Druck Buch |
| Sprache: | Englisch |
| Veröffentlicht: |
Annandale, NSW
Federation Press
2010
|
| In: | Jahr: 2010 |
| Online-Zugang: |
Inhaltsverzeichnis Klappentext (Verlag) |
| Bestand in Tübingen: | In Tübingen vorhanden. UB: KB 20 A 4301 |
| Verfügbarkeit prüfen: | HBZ Gateway |
| Subito Bestelldienst: | Jetzt bestellen. |
| Schlagwörter: |
MARC
| LEADER | 00000cam a2200000 c 4500 | ||
|---|---|---|---|
| 001 | 1622777301 | ||
| 003 | DE-627 | ||
| 005 | 20220615134325.0 | ||
| 007 | tu | ||
| 008 | 091019s2010 xx ||||| 00| ||eng c | ||
| 020 | |a 9781862877580 |9 978-1-86287-758-0 | ||
| 035 | |a (DE-627)1622777301 | ||
| 035 | |a (DE-576)312019009 | ||
| 035 | |a (DE-599)BSZ312019009 | ||
| 035 | |a (OCoLC)698833490 | ||
| 040 | |a DE-627 |b ger |c DE-627 |e rakwb | ||
| 041 | |a eng | ||
| 100 | 1 | |a Mackenzie, Geraldine |4 aut | |
| 245 | 1 | 0 | |a Principles of sentencing |c Geraldine Mackenzie; Nigel Stobbs |
| 264 | 1 | |a Annandale, NSW |b Federation Press |c 2010 | |
| 300 | |a XXIV, 295 S. | ||
| 336 | |a Text |b txt |2 rdacontent | ||
| 337 | |a ohne Hilfsmittel zu benutzen |b n |2 rdamedia | ||
| 338 | |a Band |b nc |2 rdacarrier | ||
| 689 | 0 | 0 | |d g |0 (DE-588)4003900-6 |0 (DE-627)106388347 |0 (DE-576)208853154 |a Australien |2 gnd |
| 689 | 0 | 1 | |d s |0 (DE-588)4116634-6 |0 (DE-627)105805297 |0 (DE-576)209503203 |a Strafverfahren |2 gnd |
| 689 | 0 | |5 (DE-627) | |
| 689 | 1 | 0 | |d g |0 (DE-588)4003900-6 |0 (DE-627)106388347 |0 (DE-576)208853154 |a Australien |2 gnd |
| 689 | 1 | 1 | |d s |0 (DE-588)4057812-4 |0 (DE-627)106149407 |0 (DE-576)209123796 |a Strafzumessung |2 gnd |
| 689 | 1 | |5 (DE-627) | |
| 700 | 1 | |a Stobbs, Nigel |4 aut | |
| 856 | 4 | 2 | |u https://swbplus.bsz-bw.de/bsz312019009inh.htm |m B:DE-576;DE-21 |q application/pdf |v 20100407090420 |x Verlag |3 Inhaltsverzeichnis |7 1 |
| 856 | 4 | 2 | |u https://swbplus.bsz-bw.de/bsz312019009kla.htm |m B:DE-576;DE-21 |q application/pdf |v 20100407090443 |x Verlag |3 Klappentext |7 1 |
| 951 | |a BO | ||
| ELC | |b 1 | ||
| LOK | |0 000 xxxxxcx a22 zn 4500 | ||
| LOK | |0 001 3247402209 | ||
| LOK | |0 003 DE-627 | ||
| LOK | |0 004 1622777301 | ||
| LOK | |0 005 20100401111811 | ||
| LOK | |0 008 091105||||||||||||||||ger||||||| | ||
| LOK | |0 040 |a DE-21 |c DE-627 |d DE-21 | ||
| LOK | |0 852 |a DE-21 | ||
| LOK | |0 852 1 |c KB 20 A 4301 |9 00 | ||
| LOK | |0 935 |a krim | ||
| LOK | |0 936ln |a k5.4.1 | ||
| LOK | |0 938 |a 1004 |f 34 | ||
| LOK | |0 939 |a 05-11-09 |b l01 | ||
| ORI | |a SA-MARC-krimdoka001.raw | ||
| SIG | |a UB: KB 20 A 4301 | ||
| TIM | |a 100019010101_100020261231 |b 1901 - 2026 | ||
